| 000 | 00462nam a2200181Ia 4500 | ||
|---|---|---|---|
| 008 | 191130s2010##################000#0#eng## | ||
| 020 | _a9781591027911 | ||
| 040 |
_aACL _cACL |
||
| 082 | _a813.54 KEN | ||
| 100 | _aKenyon, Kay | ||
| 245 |
_aPrince of storms _cKay Kenyon |
||
| 260 |
_aAmherst, NY _bPyr _c2010 |
||
| 300 | _a389 p. ; 24 cm | ||
| 650 | _aEnglish Fiction | ||
| 990 | _a96493191ac10000c4f5ddf437bd7e639 | ||
| 991 | _a332607 | ||
| 999 |
_c387755 _d387755 |
||